Project management plan for company zzz's customer support mobile application reporting system (CSMARS) (Record no. 364865)
[ view plain ]
| 000 -LEADER | |
|---|---|
| fixed length control field | 00522nam a22001457a 4500 |
| 003 - CONTROL NUMBER IDENTIFIER | |
| control field | 0 |
| 005 - DATE AND TIME OF LATEST TRANSACTION | |
| control field | 20221017154838.0 |
| 008 - FIXED-LENGTH DATA ELEMENTS--GENERAL INFORMATION | |
| fixed length control field | 221017b xxu||||| |||| 00| 0 eng d |
| 050 ## - LIBRARY OF CONGRESS CALL NUMBER | |
| Classification number | QA76.59 |
| Item number | .D83 2019 |
| 245 ## - TITLE STATEMENT | |
| Title | Project management plan for company zzz's customer support mobile application reporting system (CSMARS) |
| Statement of responsibility, etc | Fulgencio D. Ducut |
| 260 ## - PUBLICATION, DISTRIBUTION, ETC. (IMPRINT) | |
| Place of publication, distribution, etc | Las Pinas, Philippines |
| Name of publisher, distributor, etc | Southville International School and Colleges |
| Date of publication, distribution, etc | C2019 |
| 300 ## - PHYSICAL DESCRIPTION | |
| Extent | xii,128pp. |
| Dimensions | 28cm. |
| Type of unit | Theses |
| 500 ## - GENERAL NOTE | |
| General note | Mobile application. |
| 942 ## - ADDED ENTRY ELEMENTS (KOHA) | |
| Source of classification or shelving scheme | Library of Congress Classification |
| Koha item type | Theses |
| Withdrawn status | Lost status | Source of classification or shelving scheme | Damaged status | Home library | Current library | Shelving location | Date acquired | Source of acquisition | Sub Shelving location | Total Checkouts | Full call number | Barcode | Date last seen | Price effective from | Koha item type |
|---|---|---|---|---|---|---|---|---|---|---|---|---|---|---|---|
| Library of Congress Classification | College Library | College Library | Theses Section | 10/17/2022 | Donation | QA76.59 .D83 2019 | T1077 | 10/17/2022 | 10/17/2022 | Theses |